000 00408nam a2200145Ia 4500
008 210716s1999 xx 000 0 und d
020 _a81259007890
041 _aeng
082 _a003.55 LEOA
100 _aLeon Alexis;Leon Mathews.
245 _aFundamentals of information technology.
250 _a1
260 _aNew Delhi
_bVikas publishing house pvt ltd.
_c1999
300 _axxxiv,36.12,A.16,B.5,C.3
999 _c183597
_d183597